Statistiken für Kader ThSV Eisenach 2023/2024

Klicken Sie hier um das Quiz zu spielen!

Allgemein

  • Dieses Quiz wurde 5 mal gespielt
  • Das Durchschnittsergebnis liegt bei 9 aus 20

Antwortstatistiken

NummerName% Korrekt
39Malte Donker
100%
8Manuel Zehnder
100%
1Matija Spikic
100%
TrainerMisha Kaufmann
100%
5Timothy Reichmuth
100%
95Alexander Saul
67%
66Jannis Schneibel
67%
17Marko Grgic
67%
14Peter Walz
67%
82Ivan Snajder
33%
16Mateusz Kornecki
33%
21Moritz Ende
33%
23Niclas Heitkamp
33%
27Philipp Meyer
33%
31Bastian Freitag
0%
12Dominik Plaue
0%
52Justin Kurch
0%
15Simone Mengon
0%
7Torben Hübke
0%
94Willy Weyhrauch
0%

Verteilung der Resultate

Perzentil nach korrekt beantworteten Fragen

Anzahl Personen mit jedem Resultat

Ihre Resultats-Entwicklung

Sie haben dieses Quiz noch nicht gespielt